00558nam a22001337a 4500999001500000008004100015100003600056245010200092260005200194300003300246650003900279942001500318952009100333 c6699d6699200324b ||||| |||| 00| 0 eng d aThe united republic of Tanzania aAnalytical Reportb2002 Population and housesing censuscThe united republic of TanzaniahEnglish aDar es salaambNational Bureau Statisticsc2006 axv,195pbIllustrationsc28cm 22002 population and housing census 2ddccBOOKS 00102ddc4070a3000b3000d2020-03-24l0p10000002030r2020-03-24w2020-03-24yBOOKS